| 000 | 00705nam a2200229 a 4500 | ||
|---|---|---|---|
| 005 | 20220906155303.0 | ||
| 008 | 190117s2017 ag r 000 0 spa d | ||
| 020 | _a9789501705683 | ||
| 035 | _aUPN01000228421 | ||
| 049 | _aCG | ||
| 050 | 4 |
_aBF895 _bT4.3 |
|
| 100 | 1 |
_aTesouro de Grosso, Susana _942679 |
|
| 245 | 1 | 0 |
_aGrafología emocional : _bcientífica y práctica / _cSusana Tesouro de Grosso. |
| 260 |
_aBuenos Aires : _bKier, _cc2017. |
||
| 300 |
_a212 p. : _bil., cuadros |
||
| 650 | 4 |
_aGRAFOLOGIA _98932 |
|
| 650 | 7 |
_aPersonalidad _vEvaluación _2 _914182 |
|
| 650 | 4 |
_aGRAFOLOGIA - _xASPECTOS PSICOLOGICOS _914920 |
|
| 905 | _aLibro | ||
| 999 |
_c200516 _d200516 |
||